01444 2200253 4500001002100000005001500021035002000036007000300056008004100059020002200100082001200122084001600134100001600150245005500166250001300221260003900234300002100273520078800294600005601082990001301138990001301151990001301164990001301177INLIS00000000000806020220302024634 a0010-0322000079ta220302 g 0 ind  a978-623-311-118-8 a297.229 a297.229 SUB0 aAsh-Shan'an1 aSUBULUS SALAM SYARAH BULUGHUL MARAM /cAsh-Shan'an aCet. 1-2 aYogyakarta :bHikam Pustaka,c2021 a1058 Hal ;c24cm aSubulus-Salam adalah karya terbesar dari Imam *Ash-Sha'ani*. Kitab ini merupakan syarah dari kitab *Bulughul Al-Maram* karya Imam *Ibnu Hajar Al-Asqalani. Subulus-Salam sangat masyhur di kalangan umat Islam dari berbagai madzhab dan golongan, karena cakupan isinya tentang hadits-hadits ahkam (hukum-hukum) sangat dibutuhkan umat Islam untuk dijadikan sebagai rujukan. Diantara kelebihan kitab ini, disamping penyajian, sistimatika penulisan dan ulasannya yang sempurna, juga dilengkapi takhrij hadits yang mengacu pada kitab-kutab *Al-Alamah Syaikh Muhammad Nashiruddin Al-Albani* rahimahullah. Pada jilid ke-3 membahas Kitab jual beli (lanjutan), nikah, talak, rujuk, dan jinayah (pidana). Dalam jilid ke-4 membahas tentang kitab hudud (hukuman), Jihad, makanan, sumpah dan nadzar. 4aHadis Jual beli (Islam) Hukuman perdata Islam Nikah a022.6471 a022.6472 a022.6473 a022.6474